<?xml version="1.0" encoding="UTF-8"?><collection xmlns="info:lc/xmlns/marcxchange-v2"><record format="Unimarc" type="bibliographic"><leader>00547cam  22001931  450 </leader><controlfield tag="001">1950462</controlfield><controlfield tag="003">http://id.bnportugal.gov.pt/bib/porbase/1950462</controlfield><controlfield tag="005">20030507141300.0</controlfield><datafield ind1=" " ind2=" " tag="010"><subfield code="a">0-88318-617-9</subfield></datafield><datafield ind1=" " ind2=" " tag="035"><subfield code="3">12024</subfield></datafield><datafield ind1=" " ind2=" " tag="095"><subfield code="a">PTBN00327358</subfield></datafield><datafield ind1=" " ind2=" " tag="100"><subfield code="a">19900103d1989    k  y0pora0103    ba</subfield></datafield><datafield ind1="0" ind2=" " tag="101"><subfield code="a">eng</subfield></datafield><datafield ind1=" " ind2=" " tag="102"><subfield code="a">US</subfield></datafield><datafield ind1="1" ind2=" " tag="200"><subfield code="a">The conceptual development of quantum mechanics</subfield></datafield><datafield ind1=" " ind2=" " tag="210"><subfield code="a">[New York]</subfield><subfield code="c">Tomash/American Institute of Physics</subfield><subfield code="d">1989</subfield></datafield><datafield ind1=" " ind2=" " tag="215"><subfield code="a">XMVII, 436 p.</subfield></datafield><datafield ind1=" " ind2=" " tag="675"><subfield code="a">530</subfield><subfield code="v">2</subfield><subfield code="z">eng</subfield><subfield code="3">465673</subfield></datafield><datafield ind1=" " ind2="1" tag="700"><subfield code="a">Jammer</subfield><subfield code="b">Max</subfield><subfield code="3">1388847</subfield></datafield><datafield ind1=" " ind2="0" tag="801"><subfield code="a">PT</subfield><subfield code="b">BN</subfield><subfield code="g">RPC</subfield></datafield><datafield ind1=" " ind2=" " tag="977"><subfield code="1">QD641</subfield><subfield code="2">coop</subfield><subfield code="4">UPDQ</subfield><subfield code="6">mq478379</subfield><subfield code="7">bc</subfield><subfield code="8">coop</subfield><subfield code="9">UPDQ</subfield><subfield code="b">7361</subfield><subfield code="k">0</subfield></datafield></record></collection>